000 nkm a22 a 4500
999 _c446518
_d446518
003 BLK
005 20220301091312.0
008 220301b bu ||||| |||| 00| 0|bu d
040 _aBLK
041 _aBUL
_cBUL
080 _aКнига. Книгоиздание. Книгознание
_b002.19
_x(084.5)
_z002.19(084.5)
245 _aДжон Гришам: Планината Грей
_h[Изобразителен материал]
_kПлакат
260 _9209460
_aСофия
_bОбсидиан
_c2014
_n978-954-769- ; 954-8240-
300 _a1 л.
_bцв. печ.
_c44х30 см
380 _a0
500 _aДжон Гришам има нова героиня и тя е пълна с изненади.
600 1 4 _956458
_aГришам, Джон
653 7 _9180787
_aамериканска литература
852 _aЦб III 625
_bЦб
942 _cLGR
_n0
_s1
944 _aCR
_c2022-03-01
_kА.М.